| 000 | 00463nam a2200181Ia 4500 | ||
|---|---|---|---|
| 005 | 20250423095925.0 | ||
| 008 | 250422s9999 xx 000 0 und d | ||
| 020 | _a975315206X | ||
| 050 | _aBP 194 .G853/ | ||
| 100 | _aGülen, M. Fethullah | ||
| 245 | 0 | _aKendi iklimimiz (prizma-5) | |
| 260 | _aİzmir | ||
| 260 | _bNil | ||
| 260 | _c2009 | ||
| 300 | _a285 p | ||
| 650 | _aIslam -- Essence, genius, nature Islam -- Sufism İslam -- Tasavvuf | ||
| 942 | _cBK | ||
| 999 |
_c31745 _d31745 |
||